| 000 | 00739nam a2200265 a 4500 | ||
|---|---|---|---|
| 001 | 2789944 | ||
| 003 | OSt | ||
| 005 | 20140310182119.0 | ||
| 008 | 820202s1981 nyua b 001 0 eng | ||
| 010 | _a 81081037 | ||
| 020 | _a0883322617 | ||
| 040 |
_aDLC _cDLC _dDLC |
||
| 050 | 0 | 0 |
_aTT 800 _b.B95 1991 |
| 082 | 0 | 0 |
_aHS 746.2 _bBu87 1981 |
| 100 | 1 |
_aBullock, Alice-May. _913947 |
|
| 245 | 1 | 0 |
_aLace and lace making / _cAlice-May Bullock. |
| 260 |
_aNew York, N.Y. : _bLarousse, _cc1991. |
||
| 300 |
_a160 p. : _bill. ; _c26 cm. |
||
| 500 | _aIncludes index. | ||
| 650 | 0 |
_aLace and lace making. _913948 |
|
| 740 | 0 | _aLace and lacemaking. | |
| 906 |
_a7 _bcbc _corignew _d2 _eopcn _f19 _gy-gencatlg |
||
| 942 |
_2lcc _cHS |
||
| 999 |
_c9517 _d9517 |
||